000 01308nam a2200325Ia 4500
001 ebr10354462
003 CaPaEBR
006 m u
007 cr cn|||||||||
008 921124s1993 iauab sb s001 0 eng d
010 _z 92042223
020 _z9780877454076
020 _z0877454078 (acid-free paper)
040 _aCaPaEBR
_cCaPaEBR
035 _a(OCoLC)608379459
050 1 4 _aF3429.1.N3
_bS55 1993eb
100 1 _aSilverman, Helaine.
245 1 0 _aCahuachi in the ancient Nasca world
_h[electronic resource] /
_cby Helaine Silverman.
260 _aIowa City :
_bUniversity of Iowa Press,
_cc1993.
300 _axiv, 371 p. :
_bill., maps.
500 _a"Published with the assistance of the Getty Grant Program"--T.p. verso.
504 _aIncludes bibliographical references (p. 345-360) and index.
533 _aElectronic reproduction.
_bPalo Alto, Calif. :
_cebrary,
_d2010.
_nAvailable via World Wide Web.
_nAccess may be limited to ebrary affiliated libraries.
650 0 _aNazca culture.
651 0 _aCahuachi Site (Peru)
651 0 _aNazca (Peru)
_xAntiquities.
655 7 _aElectronic books.
_2local
710 2 _aebrary, Inc.
856 4 0 _uhttp://site.ebrary.com/lib/rucke/Doc?id=10354462
_zAn electronic book accessible through the World Wide Web; click to view
999 _c34461
_d34461